000 00446nam a2200181Ia 4500
003 0STCL
008 150530s9999 xx 000 0 und d
040 _aSTCL
_cSTCL
100 _aKavanalayam Nanukuttan
245 _aKattadichu Kadal Anangiyilla
250 _a1
260 _bSahitya Pravarthaka Co Operative Society ; Kottaya
_c1963
300 _a0
546 _aMalayalam
942 _2ddc
_cBK
999 _c72610
_d72610
005 20220125171516.0